zpět

Detail výsledku týmu

Chicago Bar & Grill ÚT, Liberec

Datum a čas kvízu

27 Celkem bodů Celkový počet nahraných bodů na tomto kvízu bez doplňovacích otázek.
8. Pořadí na kvízu Konečné umístění týmu na tomto kvízu.

Zaznamenané odpovědi

# Otázka Odpověď Body Výsledky
1. Jak jste jistě mohli zaznamena... do Indie 1
2. Skotský parlament minulý týden... o menstruační potřeby 1
3. V pondělí jsme mohli zaznamena... Kancelář Blaník 1
4. Britský maloobchodní řetězec T... mají různé odstíny podle barev pleti 0
5. V Anglii, Skotsku a Severním... hlavičkování 1
6. Peníze máme v ruce každý den,... Česká národní banka 1
7. Která z těchto osobností jako... A 0
8. Celkem kolikrát je na obou str... čtyřikrát 0
9. Kolik Kč činí nominální hodnot... 2 000 Kč 0
10. Které z mincí o hodnotě 1 až 5... všechny 1